Normal view
MARC view
- MECHANICS OF COMPOSITE MATERIALS WITH MATLAB
Entry Topical Term
001 - CONTROL NUMBER
- control field: 62615
003 - CONTROL NUMBER IDENTIFIER
- control field: NUST
005 - DATE AND TIME OF LATEST TRANSACTION
- control field: 20210628202952.0
008 - FIXED-LENGTH DATA ELEMENTS
- fixed length control field: 210628|| aca||aabn | a|a d
040 ## - CATALOGING SOURCE
- Original cataloging agency: NUST
- Transcribing agency: NUST
150 ## - HEADING--TOPICAL TERM
- Topical term or geographic name entry element: MECHANICS OF COMPOSITE MATERIALS WITH MATLAB
670 ## - SOURCE DATA FOUND
- Source citation: Work cat.: (NUST): Kattan, Peter .I Voyiadjis, George .Z 62614, Mechanics of composite materials with matlab, 2005
